APUSH General Knowledge Quiz #2 - Statistics

General Stats
  • This quiz has been taken 907 times
  • The average score is 11 of 15
Answer Stats
Question Answer % Correct
Amendment that granted women the right to vote Nineteenth
93%
President who signed the "Indian Removal Act" that caused the previous answer Andrew Jackson
85%
Name a city that was the "capital" of the United States before 1800 Philadelphia, New York, Baltimore, Annapolis, +4 more
83%
What was the series of social programs, financial reforms, and regulations enacted by Franklin D. Roosevelt called? New Deal
81%
State that split in two during the Civil War Virginia
79%
Term for the 1830 ethnic cleansing and forced relocation of Native Americans Trail of Tears
77%
Year that amendment was ratified 1920
73%
Who invented the cotton gin? Eli Whitney
70%
What artificial waterway connected the Atlantic Ocean and Great Lakes in 1825? Erie Canal
67%
Program created by previous answer that established universal retirement pensions Social Security
67%
What "Era" of economic prosperity and happiness occurred between 1815 and 1825? Era of Good Feelings
66%
"Event" in the mid-1800s that led to an early California statehood The Gold Rush
63%
Who was both the 22nd and 24th President of the United States? Grover Cleveland
61%
What was the capital of the Confederate States of America? Richmond
60%
Who won the War of 1812? (officially) Nobody
53%
No matching quizzes found
Score Distribution
Percent of People with Each Score
Percentile by Number Answered
Your Score History
You have not taken this quiz